Gaming Quiz

Random Gaming Quiz
Score 0/207 Timer 20:00
0 Plays Today
Platform Game % Correct
N64Super Mario 64
65.9%
SEGA GenesisSonic the Hedgehog
63.7%
Nintendo Entertainment SystemSuper Mario Bros.
52.9%
Nintendo Entertainment SystemThe Legend Of Zelda
50.7%
ArcadeDonkey Kong
44.1%
ArcadePac-Man
42.6%
N64Super Smash Bros.
41.3%
Super NintendoSuper Mario World
37.2%
N64The Legend Of Zelda: Ocarina Of Time
36.8%
WiiWii Sports
35.4%
Super NintendoDonkey Kong Country
32.7%
Nintendo Entertainment SystemMega Man
30.9%
Nintendo Entertainment SystemSuper Mario Bros. 2
30.9%
WiiSuper Smash Bros. Brawl
29.6%
GameCubeLuigi's Mansion
29.1%
WiiSuper Mario Galaxy
29.1%
GameboyPokemon Red & Blue
28.7%
Super NintendoStar Fox
28.7%
ArcadeStreet Fighter
27.8%
DSNew Super Mario Bros.
27.7%
Nintendo Entertainment SystemSuper Mario Bros. 3
27.4%
PlayStationCrash Bandicoot
27.4%
GameCubeSuper Smash Bros. Melee
27.3%
N64Mario Kart 64
26.9%
N64Mario Party
26.4%
SEGA DreamcastSonic Adventure
24.7%
SEGA GenesisSonic The Hedgehog 2
24.7%
ArcadeMortal Kombat
23.8%
Nintendo Entertainment SystemMega Man 2
22.9%
SEGA DreamcastSonic Adventure 2
22.4%
N64Star Fox 64
22%
XBOX 360Halo 4
22%
N64Goldeneye 007
22%
N64The Legend of Zelda: Majora's Mask
21.9%
Super NintendoF-Zero
21.6%
ArcadeDig Dug
21.5%
GameCubeMario Party 6
21.3%
3DSMario Kart 7
20.7%
N64Paper Mario
20.6%
N64Banjo-Kazooie
20.2%
Wii UMario Kart 8
19.9%
ArcadeMario Bros.
19.7%
N64Mario Party 2
19.5%
Nintendo Entertainment SystemMega Man 4
19.3%
GameboyKirby's Dreamland
19.3%
GameCubeMario Party 5
19.1%
GameCubeMario Party 4
19%
Super NintendoMega Man 7
19%
XBOXHalo: Combat Evolved
18.8%
WiiMario Party 8
18.4%
Nintendo Entertainment SystemMega Man 5
18.4%
GameCubePikmin
17.9%
ArcadeGalaga
17.9%
GameCubeMario Party 7
17.7%
Nintendo Entertainment SystemMega Man 6
17.7%
3DSSuper Mario 3D Land
17.5%
SEGA GenesisSonic & Knuckles
17.3%
3DSPokemon X & Y
17.3%
XBOX 360Call Of Duty: Black Ops
17%
WiiMario Party 9
17%
WiiSuper Mario Galaxy 2
16.5%
Gameboy ColorPokemon Gold & Silver
16.2%
ArcadeMs. Pac-Man
16.2%
WiiDonkey Kong Country Returns
16.1%
GameCubeMario Kart: Double Dash!!
15.9%
N64F-Zero X
15.7%
PlayStation PortableMega Man Powered Up
15.2%
3DSKirby: Planet Robobot
15.1%
Wii USuper Mario Maker
15.1%
Platform Game % Correct
N64Diddy Kong Racing
14.8%
SEGA GenesisGolden Axe
14.8%
N64Pokemon Stadium
14.8%
SEGA SaturnSonic R
14.8%
Nintendo Entertainment SystemDuckTales
14.5%
Wii UNew Super Mario Bros. U
14.5%
DSPokemon Black & White
14.5%
WiiWii Sports Resort
14.4%
WiiNew Super Mario Bros. Wii
13.9%
Super NintendoDoom
13.8%
Wii USuper Mario 3D World
13.8%
Super NintendoToy Story
13.6%
Super NintendoEarthbound
13.5%
SEGA GenesisVectorman
13.5%
GameCubeMetroid Prime
13.1%
3DSMario & Luigi: Dream Team
13%
GameCubeStar Fox: Assault
13%
3DSLuigi's Mansion: Dark Moon
13%
Atari VCSCombat
12.8%
Wii UNintendo Land
12.6%
XBOX 360Sonic Generations
12.5%
XBOX OneCall of Duty: Ghosts
12.1%
PlayStationToy Story Racer
11.7%
GameCubeF-Zero GX
11.7%
SEGA GenesisVectorman 2
11.4%
N64Banjo-Tooie
11.4%
SEGA DreamcastSoulCalibur
11.3%
ArcadeMappy
11.2%
N64Donkey Kong 64
11%
Super NintendoPilotwings
10.9%
SEGA GenesisSonic 3D Blast
10.9%
N64Yoshi's Story
10.8%
GameCubeStar Fox Adventures
10.8%
3DSNew Super Mario Bros. 2
10.6%
ArcadeBosconian
10.6%
ArcadePac-Mania
10.6%
XBOX 360Injustice: Gods Among Us
10.1%
PlayStationTwisted Metal
9.9%
DSStar Fox Command
9.9%
N64Mario Tennis
9.9%
ArcadeRally-X
9.9%
N64Mario Golf
9.8%
N64Conker's Bad Fur Day
9.8%
ArcadePac-Land
9.8%
Atari VCSE.T.: The Extra Terrestrial
9.8%
IntellivisionAstro Smash
9.5%
ArcadeMarvel VS Capcom: Clash Of The Super Heroes
9.4%
PlayStationCrash Bandicoot 2: Cortex Strikes Back
9.4%
GameCubeSonic Heroes
9.2%
Super NintendoKirby Super Star
9.2%
N64Pilotwings 64
9.2%
SEGA GenesisAltered Beast
9.1%
PlayStationCrash Team Racing
9%
Super NintendoSuper Punch Out!!
9%
ArcadeFrogger
9%
Nintendo Entertainment SystemKirby's Adventure
8.7%
Super NintendoMickey Mania: The Timeless Adventures of Mickey Mouse
8.6%
N64Wave Race 64
8.5%
PlayStationCrash Bash
8.5%
N64Perfect Dark
8.5%
GameCubeShadow the Hedgehog
8.5%
ArcadeStreet Fighter 2: The World Warrior
8.4%
N64Buck Bumble
8.2%
GameCubeKirby Air Ride
8.1%
N64Star Wars: Shadows Of The Empire
8.1%
ArcadeMarvel VS Capcom 2: New Age Of Heroes
8.1%
SEGA GenesisRistar
8%
PlayStationGex
8%
WiiKirby's Return to Dreamland
7.9%
Platform Game % Correct
N641080 Snowboarding
7.8%
N64Tony Hawk's Pro Skater
7.8%
PlayStation 2Snoopy VS The Red Baron
7.8%
PlayStation 3Marvel VS Capcom 3: Fate Of Two Worlds
7.8%
N64Pokemon Stadium 2
7.8%
GameCubeMario Superstar Baseball
7.6%
N64Beetle Adventure Racing!
7.6%
Gameboy ColorPokemon Trading Card Game
7.4%
WiiSonic Colors
7.4%
N64Pokemon Snap
7.4%
ArcadeGalaxian
7.4%
N64Toy Story 2: Buzz Lightyear to the Rescue
7.1%
N64Kirby 64: The Crystal Shards
7.1%
WiiEpic Mickey
7.1%
XBOX 360Teenage Mutant Ninja Turtles: Mutants in Manhattan
6.8%
Super NintendoNHL 94
6.8%
PlayStation PortableSoulCalibur: Broken Destiny
6.7%
3DSEpic Mickey: Power of Illusion
6.7%
Super NintendoSuper Mario RPG: Legend of the Seven Stars
6.7%
Wii USonic & All-Stars Racing Transformed
6.4%
Super NintendoThe Lion King
6.4%
N64Tony Hawk's Pro Skater 3
6.4%
Wii USonic Lost World
6.3%
PlayStation PortableDarkStalkers Chronicle: The Chaos Tower
6.3%
ArcadeX-Men VS Street Fighter
6.1%
N64Tony Hawk's Pro Skater 2
5.8%
N64Cruis'n USA
5.7%
SEGA DreamcastSonic Shuffle
5.7%
Gameboy AdvanceMario Kart: Super Circut
5.7%
PlayStation PortableSonic Rivals
5.7%
ArcadeX-Men: Children of the Atom
5.7%
DSSonic Rush
5.7%
Wii UDuckTales: Remastered
5.7%
N64Star Wars: Rogue Squadron
5.6%
Nintendo Entertainment SystemThe Bugs Bunny Birthday Blowout
5.2%
WiiKirby's Epic Yarn
5%
PlayStation 2Guitar Hero
5%
N64Pokemon Puzzle League
4.9%
DSSonic Rush Adventure
4.6%
Nintendo Entertainment SystemIce Climber
4.6%
ArcadeXevious
4.5%
ArcadeTower of Druga
4.5%
GameCubeSuper Monkey Ball
4.3%
Wii UNew Super Luigi U
4.3%
ArcadeSonic The Fighters
4%
ArcadeMarvel Super Heroes
4%
N64Killer Instinct Gold
4%
N64Mickey's Speedway USA
4%
GameCubeWave Race: Blue Storm
3.6%
Gameboy AdvanceSonic Battle
3.4%
SEGA DreamcastThe King Of Fighters Dream Match 1999
3.4%
GameCubePokemon XD: Gale of Darkness
2.9%
SEGA GenesisVirtua Fighter 2
2.3%
GameCubeMetroid Prime 2: Echoes
2.3%
Super NintendoClayFighter
2.2%
Wii ULEGO Marvel Superheroes
2.1%
N64Flying Dragon
1.7%
N64NBA Live 99
1.7%
SEGA GenesisColumns
1.7%
Super NintendoTertris Attack!
1.7%
SEGA DreamcastPower Stone
1.4%
GameCubePac-Man World 2
1.4%
3DSSuper Monkey Ball 3D
1.1%
PlayStationCroc: Legend of the Gobbos
1.1%
WiiNicktoons: Attack of the Toy Bots
1.1%
N64Dr. Mario 64
0.7%
DSDonkey Kong: Jungle Climber
0%
WiiMario & Sonic at the 2012 London Olympic Games
0%
N64Donald Duck Goin' Quackers
0%
Remove Ads.
Support Sporcle.
Get the best of Sporcle when you Go Orange. This ad-free experience offers more features, more stats, and more fun while also helping to support Sporcle. Thank you for becoming a member.

You're not logged in!

Compare scores with friends on all Sporcle quizzes.
OR
Log In

Show Comments

Extras

Created Oct 23, 2013ReportNominate
Tags:platform, test, Video

Top Quizzes Today


Score Distribution

Your Account Isn't Verified!

In order to create a playlist on Sporcle, you need to verify the email address you used during registration. Go to your Sporcle Settings to finish the process.

Report this User

Report this user for behavior that violates our Community Guidelines.

Details: